000 00680nam a2200253Ia 4500
003 OSt
005 20220916111054.0
006 a|||||r|||| 00| 0
007 ta
008 220915b |||||||| |||| 00| 0 eng d
024 _a248137
037 _cTextbook
040 _beng
_aARTS
_cARTS
041 _aeng
082 _aO111,3x, K9
100 _aBhattacharyya A. Ed.
245 0 _aBook of short stories
260 _aCalcutta
_bIndian Press Pvt. Ltd. India
300 _a148p.
_ccm.
650 _aENGLISH LITERATURE
700 _a Essauloff K. Ed.
942 _hO111,3x, K9
_cTB
_2CC
999 _c104994
_d104994